Сомнительная полночь: романы; пер. с англ.

Dades bibliogràfiques
Autor principal: Купер Э. Эдмунд
Sumari:Столкновение человека с историей, с чужими мирами, с новым опытом, прежде немыслимым, — характерные для фантастической литературы коллизии. У английского писателя Эдмунда Купера они находят оригинальное художественное воплощение, которым отличается настоящая, глубокая литература. Проблемы, которые ставит перед человеком мировая эволюция, — для героев Э. Купера это проблемы нравственные. Романы данного сборника увлекательны, потому что написаны мастером; они ценны также тем, что дают немалую пищу для ума читателя.
Idioma:rus
Publicat: Санкт-Петербург, Северо-Запад, 1994
Matèries:
Format: MixedMaterials Llibre
KOHA link:https://koha.lib.tpu.ru/cgi-bin/koha/opac-detail.pl?biblionumber=330540

MARC

LEADER 00000nam0a2200000 4500
001 330540
005 20231102004253.0
010 |a 5835203403 
035 |a (RuTPU)RU\TPU\book\356314 
090 |a 330540 
100 |a 20170406d1994 m y0rusy50 ca 
101 1 |a rus  |c eng 
102 |a RU 
105 |a y z 000ay 
200 1 |a Сомнительная полночь  |e романы  |e пер. с англ.  |f Э. Купер 
210 |a Санкт-Петербург  |c Северо-Запад  |d 1994 
215 |a 640 с. 
330 |a Столкновение человека с историей, с чужими мирами, с новым опытом, прежде немыслимым, — характерные для фантастической литературы коллизии. У английского писателя Эдмунда Купера они находят оригинальное художественное воплощение, которым отличается настоящая, глубокая литература. Проблемы, которые ставит перед человеком мировая эволюция, — для героев Э. Купера это проблемы нравственные. Романы данного сборника увлекательны, потому что написаны мастером; они ценны также тем, что дают немалую пищу для ума читателя. 
606 1 |a Английская литература  |2 stltpush  |3 (RuTPU)RU\TPU\subj\29042  |9 52454 
610 1 |a фантастика 
610 1 |a приключения 
610 1 |a романы 
675 |a 82  |v 4 
700 1 |a Купер  |b Э.  |g Эдмунд 
801 1 |a RU  |b 63413507  |c 20170406 
801 2 |a RU  |b 63413507  |c 20170417  |g RCR 
942 |c BK